00534nam a22001337a 4500003000900000005001700009008003300026020001500059040002200074245008200096246007900178260011400257300002900371DO-SdBNP20180316100550.0180226b 1992 mx a 00| 0 spa d a9682942594 aBPMSUbspacBPMSU00a1er. catálogo de ilustradores de publicaciones infantiles y juveniles, 19911 aPrimer catálogo de ilustradores de publicaciones infantiles y juveniles. aMéxico, D. F. :bConsejo Nacional para la Cultura y las Artes, Dirección General de Publicaciones,c1992. a123 p. :bil. ;c28 cm.